Третий тайм: научно-фантастические рассказы, повести и легенды

Dades bibliogràfiques
Autor principal: Щербаков В. Владимир
Sumari:Сер. изд. с 1954 года
Idioma:rus
Publicat: Москва, Детская литература, 1988
Col·lecció:Библиотека приключений и научной фантастики
Matèries:
Format: Llibre
KOHA link:https://koha.lib.tpu.ru/cgi-bin/koha/opac-detail.pl?biblionumber=89711

MARC

LEADER 00000nam0a2200000 4500
001 89711
005 20231031103148.0
010 |a 5080011246 
035 |a (RuTPU)RU\TPU\book\96245 
090 |a 89711 
100 |a 20060126d1988 de y0rusy50 ca 
101 0 |a rus 
102 |a RU 
105 |a a z 001ay 
200 1 |a Третий тайм  |e научно-фантастические рассказы, повести и легенды  |f В. Щербаков 
210 |a Москва  |c Детская литература  |d 1988 
215 |a 238 с.  |c ил. 
225 1 |a Библиотека приключений и научной фантастики 
300 |a Сер. изд. с 1954 года 
610 1 |a художественная литература 
610 1 |a детская литература 
610 1 |a научная фантастика 
610 1 |a повести 
610 1 |a рассказы 
610 1 |a легенды 
675 |a Р2  |v 3 
700 1 |a Щербаков  |b В.  |g Владимир 
801 1 |a RU  |b 63413507  |c 20060126  |g PSBO 
942 |c BK